000 00328 a2200157 4500
001 192560
020 _a978-85-376-0362-8
040 _cMagnum
100 _aMarques, Cristina
240 1 0 _aBranca de neve
_lpor
245 1 0 _aBranca de neve
300 _a16
362 0 _a2012
697 _aLITERATURA INFANTO
942 _cBK
999 _c192560
_d192560